[Event "Debreceni evzaro A"]
[Site "?"]
[Date "2011.12.27"]
[Round "1.1"]
[White "Donka, Peter"]
[Black "Magi, Tibor"]
[Result "1-0"]
[WhiteElo "2195"]
[BlackElo "1905"]
[PlyCount "81"]
[Az esemény dátuma "2011.12.27"]

1. d4 g6 2. e4 Bg7 3. Nc3 d6 4. h3 e5 5. Be3 Nc6 6. Nge2 Nge7 7. d5 Nb8 8. Qd2
f5 9. f3 O-O 10. O-O-O Rf7 11. Kb1 a6 12. f4 Qf8 13. fxe5 Bxe5 14. Nd4 f4 15.
Bf2 Qg7 16. Bc4 Kh8 17. Ne6 Bxe6 18. dxe6 Rf8 19. Bd4 Nbc6 20. Bxe5 Qxe5 21.
Rhe1 Rac8 22. a3 b5 23. Ba2 b4 24. axb4 Nxb4 25. Nd5 Nbxd5 26. exd5 Qf6 27. Qa5
Rb8 28. Bb3 Rb6 29. Rd3 Kg7 30. Re4 Rfb8 31. Rc4 Rb5 32. Qxc7 Qg5 33. Qxd6 Nf5
34. Qe5+ Kg8 35. Qxf4 Qxg2 36. d6 g5 37. Qg4 Qf1+ 38. Rd1 Qxd1+ 39. Qxd1 Ne3
40. Qd4 Nxc4 41. Bxc4 1-0

[Event "Debreceni evzaro A"]
[Site "?"]
[Date "2011.12.27"]
[Round "1.2"]
[White "Erdei, Lajos Jr"]
[Black "Kovacs, Marton"]
[Result "0-1"]
[WhiteElo "1890"]
[BlackElo "2167"]
[PlyCount "88"]
[Az esemény dátuma "2011.12.27"]

1. e4 e5 2. Nf3 Nf6 3. Nxe5 d6 4. Nf3 Nxe4 5. Nc3 Nf6 6. Bc4 d5 7. Bb3 d4 8.
Qe2+ Be7 9. Ne4 O-O 10. O-O c5 11. Neg5 d3 12. cxd3 Nc6 13. Re1 Bg4 14. Bxf7+
Rxf7 15. Nxf7 Kxf7 16. Ne5+ Nxe5 17. Qxe5 Qd6 18. Qxd6 Bxd6 19. b3 Nd5 20. a3
Bf5 21. Bb2 Bxd3 22. Be5 Be7 23. Rac1 b6 24. Bb2 Rd8 25. g3 g5 26. f3 g4 27. f4
a5 28. Kg2 b5 29. Rxe7+ Nxe7 30. Rxc5 Be4+ 31. Kg1 Rxd2 32. Be5 Rg2+ 33. Kf1
Rc2 34. Rxc2 Bxc2 35. b4 axb4 36. axb4 Nc6 37. Bc3 Ke6 38. Ke2 Kd5 39. Kd2 Bf5
40. Kc1 Kc4 41. Kb2 Nxb4 42. Bh8 Nd3+ 43. Ka1 b4 44. Bg7 Ne1 0-1

[Event "Debreceni evzaro A"]
[Site "?"]
[Date "2011.12.27"]
[Round "1.3"]
[White "Ats, Laszlo Gyorgy"]
[Black "Suhajda, Sandor"]
[Result "1-0"]
[WhiteElo "2073"]
[BlackElo "1888"]
[PlyCount "63"]
[Az esemény dátuma "2011.12.27"]

1. h4 d5 2. d4 c5 3. c3 e6 4. Bf4 Nf6 5. e3 Bd7 6. Nf3 Nc6 7. Nbd2 c4 8. Ne5
Rc8 9. g4 Nxe5 10. Bxe5 Bc6 11. g5 Nd7 12. Bg3 g6 13. Bh3 Bg7 14. f4 Qe7 15.
Qg4 h5 16. Qe2 O-O 17. Nf3 b5 18. Ne5 a5 19. O-O Kh7 20. f5 exf5 21. Rxf5 Nxe5
22. Rxe5 Bxe5 23. Bxe5 Bd7 24. Bg2 Qe6 25. Qf3 Bc6 26. Bh3 Qe7 27. Rf1 Ra8 28.
Qe2 Bd7 29. Rf6 Bxh3 30. Qxh5+ Kg8 31. Rxg6+ fxg6 32. Qxg6+ 1-0

[Event "Debreceni evzaro A"]
[Site "?"]
[Date "2011.12.27"]
[Round "1.4"]
[White "Kiss, Gergely"]
[Black "Bakk, Zoltan"]
[Result "0-1"]
[WhiteElo "1873"]
[BlackElo "2069"]
[PlyCount "62"]
[Az esemény dátuma "2011.12.27"]

1. a3 d5 2. e3 e5 3. b4 Bd6 4. Bb2 Nf6 5. Nf3 Qe7 6. Be2 a5 7. b5 c5 8. d4 cxd4
9. exd4 e4 10. Ne5 Nbd7 11. Nxd7 Bxd7 12. O-O O-O 13. Nd2 b6 14. a4 Rac8 15. h3
Rfe8 16. Re1 Bb4 17. c3 Bxc3 18. Bxc3 Rxc3 19. Nb1 Rcc8 20. Qb3 e3 21. f3 Nh5
22. Nc3 Qh4 23. Bf1 Qf2+ 24. Kh2 Bxh3 25. Re2 Qg3+ 26. Kh1 Bf5 27. Nd1 Qh4+ 28.
Kg1 Qxd4 29. g4 Ng3 30. gxf5 Nxe2+ 31. Bxe2 Qxa1 0-1

[Event "Debreceni evzaro A"]
[Site "?"]
[Date "2011.12.27"]
[Round "1.5"]
[White "Kun, Sandor"]
[Black "Nemeti, Kornel"]
[Result "1-0"]
[WhiteElo "2042"]
[BlackElo "1838"]
[PlyCount "93"]
[Az esemény dátuma "2011.12.27"]

1. e4 c5 2. Nf3 Nc6 3. d4 cxd4 4. Nxd4 Nf6 5. Nc3 e5 6. Ndb5 d6 7. Bg5 a6 8.
Na3 b5 9. Bxf6 gxf6 10. Nd5 f5 11. c3 Bg7 12. exf5 Bxf5 13. Nc2 O-O 14. Nce3
Be6 15. Bd3 Bxd5 16. Nxd5 e4 17. Bc2 f5 18. Nf4 Qd7 19. Bb3+ Kh8 20. h4 Rae8
21. h5 Bh6 22. g3 e3 23. f3 e2 24. Qd2 Qg7 25. Ng6+ Qxg6 26. hxg6 Bxd2+ 27.
Kxd2 h6 28. Bf7 Re7 29. Rxh6+ Kg7 30. Rh7+ Kf6 31. f4 Rd8 32. Re1 d5 33. Rxe2
Rxe2+ 34. Kxe2 d4 35. Rh1 dxc3 36. bxc3 Nb8 37. Rd1 Rh8 38. Rd6+ Kg7 39. Bd5
Rc8 40. Kd3 Rc7 41. Kd4 a5 42. Ke5 Rxc3 43. Kxf5 Rc5 44. Kg5 Rc7 45. f5 Nd7 46.
Bc6 Nc5 47. f6+ 1-0

[Event "Debreceni evzaro A"]
[Site "?"]
[Date "2011.12.27"]
[Round "1.6"]
[White "Cimpean, Andra"]
[Black "Adorjan, Attila"]
[Result "0-1"]
[WhiteElo "1791"]
[BlackElo "1989"]
[PlyCount "94"]
[Az esemény dátuma "2011.12.27"]

1. e4 c6 2. d4 d5 3. Nc3 dxe4 4. Nxe4 Nd7 5. Nf3 Ngf6 6. Bd3 Nxe4 7. Bxe4 Nf6
8. Bd3 Bg4 9. c3 e6 10. h3 Bh5 11. Bc2 Qd5 12. Bf4 O-O-O 13. Qd3 Bxf3 14. Qxf3
Qxf3 15. gxf3 Nd5 16. Bh2 h5 17. Kd2 h4 18. f4 g6 19. f5 gxf5 20. b4 Bh6+ 21.
Kd3 Rhg8 22. Rhg1 Nf6 23. Ke2 Ne4 24. Bxe4 fxe4 25. a4 f5 26. Be5 f4 27. Bf6
f3+ 28. Kf1 Rxg1+ 29. Kxg1 Rg8+ 30. Kf1 e3 31. Re1 e2+ 32. Rxe2 Rg1+ 33. Kxg1
fxe2 34. Bxh4 e1=Q+ 35. Kg2 Qe4+ 36. Kg3 Qf4+ 37. Kg2 Qxh4 38. b5 Qe4+ 39. Kg1
cxb5 40. axb5 Qe1+ 41. Kg2 Qxc3 42. h4 Qxd4 43. h5 a5 44. Kh3 Qxf2 45. Kg4 Bf4
46. h6 Qg3+ 47. Kh5 Qg5# 0-1

[Event "Debreceni evzaro A"]
[Site "?"]
[Date "2011.12.27"]
[Round "1.7"]
[White "Dombi-Marias, Rudolf"]
[Black "Hercz, Richard"]
[Result "1-0"]
[WhiteElo "1986"]
[BlackElo "1791"]
[PlyCount "75"]
[Az esemény dátuma "2011.12.27"]

1. e4 g6 2. d4 d6 3. c3 Bg7 4. f4 Nf6 5. Bd3 O-O 6. Nf3 Bg4 7. h3 Bxf3 8. Qxf3
Nbd7 9. e5 Ne8 10. O-O c6 11. Re1 Nc7 12. Nd2 d5 13. b4 a5 14. a4 e6 15. Ba3
Re8 16. b5 Bf8 17. Reb1 Bxa3 18. bxc6 bxc6 19. Rxa3 c5 20. Bb5 c4 21. Ra2 Rb8
22. Rab2 Rb6 23. Qf2 Qb8 24. Rb4 Nxb5 25. Rxb5 Rxb5 26. Rxb5 Qa7 27. Nf3 Rb8
28. Qb2 h6 29. g4 Kf8 30. f5 Ke8 31. fxe6 fxe6 32. Qb1 Rxb5 33. Qxg6+ Kd8 34.
axb5 a4 35. Qg8+ Ke7 36. g5 Qb8 37. Qg7+ Kd8 38. gxh6 1-0

[Event "Debreceni evzaro A"]
[Site "?"]
[Date "2011.12.27"]
[Round "1.8"]
[White "Toth, Tamas"]
[Black "Zoltan, Lajos"]
[Result "0-1"]
[WhiteElo "1752"]
[BlackElo "1957"]
[PlyCount "114"]
[Az esemény dátuma "2011.12.27"]

1. e4 e6 2. d4 d5 3. e5 c5 4. c3 Nc6 5. Nf3 Qb6 6. Bd3 Bd7 7. O-O cxd4 8. cxd4
Nxd4 9. Nxd4 Qxd4 10. Nc3 a6 11. Re1 Qh4 12. Be3 Rc8 13. Rc1 Bc6 14. Ne2 Bb4
15. Rf1 Nh6 16. g3 Qh5 17. Nd4 Qxd1 18. Rfxd1 Kd7 19. a3 Be7 20. Nxc6 Rxc6 21.
Rxc6 bxc6 22. Bxh6 gxh6 23. Bxa6 Rb8 24. Rd2 f6 25. exf6 Bxf6 26. b4 Ra8 27. b5
c5 28. Ra2 Bc3 29. Bb7 Ra4 30. Bc6+ Kd6 31. Be8 Bb4 32. b6 Rxa3 33. Rxa3 Bxa3
34. b7 Kc7 35. Bf7 Kxb7 36. Bxe6 Kc6 37. Kf1 c4 38. Ke2 Kc5 39. Bf5 d4 40. Bxh7
Kb4 41. Kd2 Kb3 42. f4 Bb4+ 43. Kd1 d3 44. h4 Kc3 45. g4 Kd4 46. Bg8 c3 47. Bb3
Be7 48. g5 h5 49. f5 Ke5 50. f6 Bc5 51. f7 Kf5 52. Ba4 Kg6 53. Bb3 Kg7 54. Kc1
Bf2 55. Bd1 Bxh4 56. g6 Bg5+ 57. Kb1 h4 0-1

[Event "Debreceni evzaro A"]
[Site "?"]
[Date "2011.12.27"]
[Round "1.9"]
[White "Gal, Hanna Krisztina"]
[Black "Juhasz, Mihaly Jr"]
[Result "1-0"]
[WhiteElo "1924"]
[BlackElo "1696"]
[PlyCount "63"]
[Az esemény dátuma "2011.12.27"]

1. e4 c5 2. Nf3 d6 3. c3 g6 4. Be2 Bg7 5. d4 cxd4 6. cxd4 Nc6 7. Nc3 Bd7 8. O-O
Rc8 9. Be3 a6 10. Qd2 Qa5 11. Rfd1 Bg4 12. h3 Bxf3 13. Bxf3 Qd8 14. Bg4 Rb8 15.
f4 Nf6 16. Bf3 Nd7 17. d5 Na5 18. Be2 Rc8 19. Bd4 Bxd4+ 20. Qxd4 Qb6 21. Rac1
Qxd4+ 22. Rxd4 b5 23. b4 Nb7 24. a4 bxa4 25. Bxa6 Rc7 26. Rdd1 O-O 27. Nxa4
Rfc8 28. Rc6 Nd8 29. Bxc8 Nxc6 30. dxc6 Nf6 31. Bb7 Nxe4 32. b5 1-0

[Event "Debreceni evzaro A"]
[Site "?"]
[Date "2011.12.27"]
[Round "2.1"]
[White "Adorjan, Attila"]
[Black "Donka, Peter"]
[Result "0-1"]
[WhiteElo "1989"]
[BlackElo "2195"]
[PlyCount "142"]
[Az esemény dátuma "2011.12.27"]

1. e4 e6 2. d4 d5 3. Nd2 c5 4. exd5 Qxd5 5. Ngf3 cxd4 6. Bc4 Qd6 7. O-O Nc6 8.
Nb3 Nf6 9. Nbxd4 Nxd4 10. Qxd4 Qxd4 11. Nxd4 a6 12. a4 Bd7 13. Bf4 Rc8 14. Bb3
Be7 15. Rfe1 O-O 16. Rad1 Rfd8 17. c3 h6 18. Nf5 Bf8 19. Nd6 Bxd6 20. Bxd6 Bc6
21. Be7 Rxd1 22. Rxd1 Bd5 23. Bxd5 Nxd5 24. Bd6 Rc4 25. Rd4 Nb6 26. Bb4 Rxd4
27. cxd4 Nxa4 28. b3 Nb6 29. Kf1 Nd5 30. Bd6 f5 31. Ke2 Nc3+ 32. Kf3 g5 33. Be5
Kf7 34. Ke3 Nd5+ 35. Kd3 b5 36. Bd6 Ke8 37. g3 Kd7 38. Bf8 h5 39. Bh6 g4 40.
Bd2 Kc6 41. Ba5 Nf6 42. Bb4 Kd5 43. Be1 Ne4 44. Ke3 Ng5 45. Bc3 Ne4 46. Be1 Nd6
47. Bd2 Nb7 48. Kd3 Nd8 49. b4 Nc6 50. Bc3 Ne7 51. Bb2 Ng6 52. Ba1 h4 53. Bb2
h3 54. Bc3 Nf8 55. Bb2 Nh7 56. Bc1 Nf6 57. Bd2 Ne4 58. Be3 Nd6 59. Bd2 Nc4 60.
Bc3 Kc6 61. Ke2 Nb6 62. Bd2 Kd5 63. Kd3 Kd6 64. Bf4+ Ke7 65. Bd2 Nd5 66. Ke2
Kf6 67. f4 Ke7 68. Kd3 Kd6 69. Be1 Nf6 70. Bf2 Ne4 71. Be1 Kd5 0-1

[Event "Debreceni evzaro A"]
[Site "?"]
[Date "2011.12.27"]
[Round "2.2"]
[White "Kovacs, Marton"]
[Black "Dombi-Marias, Rudolf"]
[Result "1/2-1/2"]
[WhiteElo "2167"]
[BlackElo "1986"]
[PlyCount "33"]
[Az esemény dátuma "2011.12.27"]

1. d4 Nf6 2. Nf3 g6 3. Bf4 Bg7 4. Nc3 O-O 5. e4 d6 6. Qd2 a6 7. a4 Nc6 8. Bh6
e5 9. Bxg7 Kxg7 10. d5 Nb4 11. Nd1 a5 12. Bd3 c6 13. dxc6 bxc6 14. c3 Nxd3+ 15.
Qxd3 Ba6 16. Qc2 Re8 17. Ne3 1/2-1/2

[Event "Debreceni evzaro A"]
[Site "?"]
[Date "2011.12.27"]
[Round "2.3"]
[White "Zoltan, Lajos"]
[Black "Ats, Laszlo Gyorgy"]
[Result "1/2-1/2"]
[WhiteElo "1957"]
[BlackElo "2073"]
[PlyCount "71"]
[Az esemény dátuma "2011.12.27"]

1. e4 d5 2. exd5 Nf6 3. d4 Nxd5 4. c4 Nf6 5. Nf3 Bg4 6. Be2 e6 7. h3 Bh5 8. Nc3
c6 9. Be3 Bd6 10. Qb3 Qb6 11. c5 Qxb3 12. axb3 Bc7 13. b4 O-O 14. b5 Nbd7 15.
bxc6 bxc6 16. Ra6 Nb8 17. Ra4 a5 18. g4 Bg6 19. Ne5 Nd5 20. Nxd5 exd5 21. Nxg6
fxg6 22. b4 Nd7 23. b5 cxb5 24. Bxb5 Nf6 25. O-O Rab8 26. Bc6 h6 27. Bd2 Rfc8
28. g5 Bd8 29. gxf6 Rxc6 30. fxg7 Kxg7 31. Re1 Rb2 32. Bc3 Rc2 33. Re8 Bh4 34.
Be1 Rf6 35. Rxa5 g5 36. Ra7+ 1/2-1/2

[Event "Debreceni evzaro A"]
[Site "?"]
[Date "2011.12.27"]
[Round "2.4"]
[White "Bakk, Zoltan"]
[Black "Gal, Hanna Krisztina"]
[Result "1-0"]
[WhiteElo "2069"]
[BlackElo "1924"]
[PlyCount "95"]
[Az esemény dátuma "2011.12.27"]

1. d4 Nf6 2. Nf3 e6 3. Bf4 d5 4. e3 c5 5. c3 Nc6 6. Bd3 Be7 7. h3 O-O 8. O-O h6
9. Nbd2 a6 10. Re1 Qb6 11. Qb3 Qxb3 12. axb3 Nd7 13. Bc2 f5 14. Bh2 g5 15. dxc5
Bxc5 16. b4 Be7 17. Nd4 Nf6 18. b5 Nd8 19. bxa6 Rxa6 20. Rxa6 bxa6 21. N2b3 Nb7
22. Nc6 Bd6 23. Bxd6 Nxd6 24. Nc5 Re8 25. Ra1 Nb5 26. Nxa6 Bb7 27. Nab4 Ra8 28.
Rxa8+ Bxa8 29. Ne5 Nd6 30. Bd3 Nfe4 31. Nd7 Nc4 32. Bxc4 dxc4 33. Nb6 Bd5 34.
N4xd5 exd5 35. Nxd5 Kf7 36. f3 Nd6 37. Kf2 Ke6 38. Nb6 Ke7 39. g4 fxg4 40. hxg4
Kd8 41. e4 Kc7 42. e5 Kxb6 43. exd6 Kc6 44. Ke3 Kxd6 45. Kd4 Ke6 46. Kxc4 Ke5
47. Kd3 Kf4 48. Ke2 1-0

[Event "Debreceni evzaro A"]
[Site "?"]
[Date "2011.12.27"]
[Round "2.5"]
[White "Baranyai, Antal"]
[Black "Kun, Sandor"]
[Result "0-1"]
[WhiteElo "1661"]
[BlackElo "2042"]
[PlyCount "44"]
[Az esemény dátuma "2011.12.27"]

1. e4 e5 2. Nf3 Nc6 3. Nc3 Nf6 4. Bc4 Nxe4 5. Nxe4 d5 6. Bxd5 Qxd5 7. d3 Bg4 8.
h3 Bh5 9. O-O O-O-O 10. Ng3 Bxf3 11. Qxf3 Qxf3 12. gxf3 Nd4 13. c3 Nxf3+ 14.
Kg2 Nh4+ 15. Kh2 Rxd3 16. Be3 f5 17. Bc1 Bd6 18. Kh1 f4 19. Ne4 Rxh3+ 20. Kg1
g5 21. Nd2 g4 22. Ne4 Nf3+ 0-1

[Event "Debreceni evzaro A"]
[Site "?"]
[Date "2011.12.27"]
[Round "2.6"]
[White "Magi, Tibor"]
[Black "Cimpean, Andra"]
[Result "1-0"]
[WhiteElo "1905"]
[BlackElo "1791"]
[PlyCount "79"]
[Az esemény dátuma "2011.12.27"]

1. d4 Nf6 2. Nf3 e6 3. a3 c5 4. e3 Nc6 5. dxc5 Bxc5 6. b4 Be7 7. Bb2 Qb6 8. Nc3
a5 9. b5 Na7 10. Be2 d5 11. O-O Ne4 12. Nxe4 dxe4 13. Nd2 Nxb5 14. Nxe4 O-O 15.
c4 Nc7 16. Bd4 Qc6 17. Bf3 Qd7 18. Qc2 f6 19. Rfd1 Qe8 20. Bc5 Bd7 21. Nd6 Bxd6
22. Bxd6 Ba4 23. Qe4 Bxd1 24. Rxd1 Rf7 25. Qxb7 Rb8 26. Qa7 Qc8 27. Qxa5 Rd7
28. h3 Qd8 29. c5 Rb5 30. Qa4 Ne8 31. Qxb5 Nxd6 32. Rxd6 Rxd6 33. cxd6 Qxd6 34.
Qe8+ Qf8 35. Qxf8+ Kxf8 36. a4 Ke7 37. a5 e5 38. a6 h5 39. a7 g6 40. a8=Q 1-0

[Event "Debreceni evzaro A"]
[Site "?"]
[Date "2011.12.27"]
[Round "2.7"]
[White "Nemeti, Kornel"]
[Black "Erdei, Lajos Jr"]
[Result "0-1"]
[WhiteElo "1838"]
[BlackElo "1890"]
[PlyCount "100"]
[Az esemény dátuma "2011.12.27"]

1. e4 d6 2. d4 Nf6 3. Nc3 g6 4. f4 Bg7 5. Nf3 c5 6. dxc5 Qa5 7. Bd3 Qxc5 8. Qe2
a6 9. Be3 Qb4 10. O-O-O Nxe4 11. Bxe4 Bxc3 12. bxc3 Qxe4 13. Ng5 Qa4 14. Bd4 f6
15. Ne6 Qd7 16. Bxf6 Qxe6 17. Qxe6 Bxe6 18. Bxh8 Bxa2 19. Rhe1 Kd7 20. Re4 Nc6
21. Bg7 b5 22. Bh6 a5 23. Bg5 a4 24. Kb2 Bc4 25. Ra1 e6 26. Bh4 Na5 27. g3 Bd5
28. Rd4 Rc8 29. Rad1 Nc4+ 30. Rxc4 Rxc4 31. Bf6 Re4 32. Rd2 Kc6 33. Bd4 e5 34.
fxe5 dxe5 35. Bf2 Kd6 36. Bb6 Ke6 37. Bc5 Bc4 38. Rf2 Kd5 39. Bb6 Re2 40. Rxe2
Bxe2 41. Kc1 Ke4 42. Bc5 Kf3 43. Kd2 e4 44. Ke1 Bc4 45. Bd6 g5 46. h4 g4 47.
Kd2 Kf2 48. Bc5+ Kxg3 49. Ke3 Kxh4 50. Kxe4 g3 0-1

[Event "Debreceni evzaro A"]
[Site "?"]
[Date "2011.12.27"]
[Round "2.8"]
[White "Suhajda, Sandor"]
[Black "Toth, Tamas"]
[Result "0-1"]
[WhiteElo "1888"]
[BlackElo "1752"]
[PlyCount "60"]
[Az esemény dátuma "2011.12.27"]

1. d4 d5 2. c4 e6 3. e3 Nf6 4. Nc3 c6 5. Nf3 Nbd7 6. Bd3 Bd6 7. O-O O-O 8. Qc2
e5 9. cxd5 cxd5 10. dxe5 Nxe5 11. Be2 Bg4 12. Nxe5 Bxe5 13. Bxg4 Bxh2+ 14. Kxh2
Nxg4+ 15. Kg3 f5 16. Rh1 Qg5 17. e4 f4+ 18. Kf3 Ne3 19. Bxe3 fxe3+ 20. Ke2
Rxf2+ 21. Kd3 Rxc2 22. Kxc2 d4 23. Ne2 Rd8 24. Rad1 Qc5+ 25. Kb1 Qe5 26. Rh4 d3
27. Nc3 Rd6 28. Rh3 e2 29. Re1 d2 30. Rxe2 Qxc3 0-1

[Event "Debreceni evzaro A"]
[Site "?"]
[Date "2011.12.27"]
[Round "2.9"]
[White "Hercz, Richard"]
[Black "Kiss, Gergely"]
[Result "1/2-1/2"]
[WhiteElo "1791"]
[BlackElo "1873"]
[PlyCount "62"]
[Az esemény dátuma "2011.12.27"]

1. e4 Nc6 2. d4 e5 3. d5 Nce7 4. Nf3 Ng6 5. Bd3 Nf6 6. O-O Bc5 7. h3 d6 8. Nc3
a6 9. Ne2 O-O 10. Ng3 Bd7 11. c4 b5 12. Bd2 bxc4 13. Bxc4 Nf4 14. Qc1 N6h5 15.
Nxh5 Nxh5 16. Bd3 f5 17. exf5 Bxf5 18. Bxf5 Rxf5 19. Be3 Nf4 20. Bxf4 Rxf4 21.
Nxe5 Bxf2+ 22. Rxf2 Rxf2 23. Kxf2 dxe5 24. Qc6 Qf6+ 25. Qxf6 gxf6 26. Rc1 Rd8
27. Rxc7 Rxd5 28. Ke2 f5 29. g3 e4 30. Rc8+ Kf7 31. Rc7+ Kg8 1/2-1/2

[Event "Debreceni evzaro A"]
[Site "?"]
[Date "2011.12.27"]
[Round "3.1"]
[White "Donka, Peter"]
[Black "Bakk, Zoltan"]
[Result "1-0"]
[WhiteElo "2195"]
[BlackElo "2069"]
[PlyCount "41"]
[Az esemény dátuma "2011.12.27"]

1. d4 e6 2. c4 Nf6 3. Nf3 Bb4+ 4. Nbd2 b6 5. a3 Bxd2+ 6. Bxd2 h6 7. e3 Bb7 8.
Bd3 Ne4 9. O-O d6 10. Qc2 f5 11. Rac1 Nd7 12. d5 Ndc5 13. Nd4 exd5 14. Be2 O-O
15. b4 Nxd2 16. Qxd2 Ne4 17. Qc2 Qf6 18. cxd5 Bxd5 19. f3 Qg5 20. fxe4 Bxe4 21.
Qb3+ 1-0

[Event "Debreceni evzaro A"]
[Site "?"]
[Date "2011.12.27"]
[Round "3.2"]
[White "Kun, Sandor"]
[Black "Kovacs, Marton"]
[Result "0-1"]
[WhiteElo "2042"]
[BlackElo "2167"]
[PlyCount "118"]
[Az esemény dátuma "2011.12.27"]

1. e4 e5 2. Nf3 Nf6 3. Nc3 Bb4 4. Nxe5 O-O 5. Be2 Re8 6. Nd3 Bxc3 7. dxc3 Nxe4
8. Nf4 c6 9. c4 Qf6 10. O-O d6 11. Rb1 Bf5 12. f3 Nc5 13. b3 Qe5 14. Rf2 Nbd7
15. Nd3 Qe7 16. Bf4 Rad8 17. Qd2 h6 18. Bf1 Qf6 19. Be3 Ne6 20. Re1 Ndc5 21.
Qd1 Nxd3 22. Bxd3 d5 23. Bxf5 Qxf5 24. Qd3 Qxd3 25. cxd3 d4 26. Bd2 Nc5 27.
Rfe2 Rxe2 28. Rxe2 Rd7 29. Kf1 Nxd3 30. Re8+ Kh7 31. Ke2 Nc5 32. Bb4 Ne6 33. g3
Kg6 34. h4 Kf5 35. Kd3 Kf6 36. a4 c5 37. Bd2 Nd8 38. f4 Nc6 39. g4 Re7 40. Rxe7
Kxe7 41. a5 f5 42. gxf5 Kf6 43. Ke4 Ne7 44. b4 b6 45. axb6 axb6 46. bxc5 bxc5
47. Ba5 Nxf5 48. Kd5 Nxh4 49. Bd8+ Kf5 50. Bxh4 d3 51. Be1 h5 52. Kxc5 h4 53.
Kb6 h3 54. Bg3 d2 55. c5 d1=Q 56. c6 Qb3+ 57. Ka7 Qxg3 58. c7 Qc3 59. Ka8 h2
0-1

[Event "Debreceni evzaro A"]
[Site "?"]
[Date "2011.12.27"]
[Round "3.3"]
[White "Dombi-Marias, Rudolf"]
[Black "Zoltan, Lajos"]
[Result "0-1"]
[WhiteElo "1986"]
[BlackElo "1957"]
[PlyCount "64"]
[Az esemény dátuma "2011.12.27"]

1. e4 e6 2. d4 d5 3. Nc3 Bb4 4. e5 c5 5. a3 Bxc3+ 6. bxc3 Ne7 7. Qg4 Qb6 8. Nf3
Nbc6 9. Bd3 Bd7 10. O-O c4 11. Be2 O-O-O 12. a4 Qa5 13. Ra2 Ng6 14. Ng5 Rdf8
15. Ba3 Nce7 16. Bb4 Qa6 17. f4 f6 18. Bxe7 Nxe7 19. Nf3 Nf5 20. Rfa1 Qa5 21.
Nh4 Nxh4 22. exf6 Rxf6 23. Qxh4 Qxc3 24. Qf2 g5 25. Ra3 Qxc2 26. Qe3 Rxf4 27.
Rc1 Qe4 28. Bxc4 Qxe3+ 29. Rxe3 dxc4 30. Rxc4+ Kb8 31. g3 Rf5 32. Rb3 Rc8 0-1

[Event "Debreceni evzaro A"]
[Site "?"]
[Date "2011.12.27"]
[Round "3.4"]
[White "Ats, Laszlo Gyorgy"]
[Black "Adorjan, Attila"]
[Result "1-0"]
[WhiteElo "2073"]
[BlackElo "1989"]
[PlyCount "89"]
[Az esemény dátuma "2011.12.27"]

1. d4 Nf6 2. Bf4 e6 3. e3 d5 4. h4 c5 5. c3 cxd4 6. exd4 Bd6 7. Bb5+ Nc6 8.
Bxd6 Qxd6 9. Nf3 O-O 10. Nbd2 a6 11. Bxc6 bxc6 12. b4 Bd7 13. Ne5 a5 14. a3 a4
15. f4 Bc8 16. g4 Nd7 17. g5 f6 18. gxf6 gxf6 19. Qg4+ Kh8 20. Rg1 Qe7 21. Nxc6
Qf7 22. O-O-O e5 23. fxe5 Nb8 24. Qg2 Nxc6 25. exf6 Qxf6 26. Rdf1 Qh6 27. Rxf8+
Qxf8 28. Qxd5 Bf5 29. Qxc6 Rc8 30. Qd5 Rxc3+ 31. Kb2 Rc2+ 32. Ka1 h6 33. Nc4 h5
34. Nd6 Rf2 35. Nf7+ Kh7 36. Ng5+ Kh6 37. Ne4 Qc8 38. Qd6+ Kh7 39. Ng5+ Kh8 40.
Qf6+ Kg8 41. Qf7+ Kh8 42. Qxh5+ Kg8 43. Qf7+ Kh8 44. Qf6+ Kg8 45. Ne6+ 1-0

[Event "Debreceni evzaro A"]
[Site "?"]
[Date "2011.12.27"]
[Round "3.5"]
[White "Gal, Hanna Krisztina"]
[Black "Toth, Tamas"]
[Result "1/2-1/2"]
[WhiteElo "1924"]
[BlackElo "1752"]
[PlyCount "77"]
[Az esemény dátuma "2011.12.27"]

1. e4 c5 2. Nf3 d6 3. c3 Nf6 4. Be2 Nc6 5. d4 cxd4 6. cxd4 Nxe4 7. d5 Qa5+ 8.
Nc3 Nxc3 9. bxc3 Ne5 10. O-O Bd7 11. Rb1 b6 12. Nxe5 dxe5 13. c4 g6 14. Bb2 Bg7
15. Bd3 O-O 16. Qe2 f6 17. Kh1 Qc5 18. Bc3 a5 19. Bd2 Rab8 20. f4 Qc7 21. fxe5
fxe5 22. Rxf8+ Rxf8 23. Be3 Rb8 24. Qf2 e4 25. Be2 b5 26. cxb5 Qc2 27. Rc1 Qxa2
28. Bc4 Qxf2 29. Bxf2 Kf8 30. b6 Bh6 31. Rb1 Bf4 32. b7 e3 33. Be1 Bc7 34. Ba6
Ke8 35. Rb3 e2 36. Bxe2 a4 37. Rb1 Bf5 38. Bb5+ Kf8 39. Rc1 1/2-1/2

[Event "Debreceni evzaro A"]
[Site "?"]
[Date "2011.12.27"]
[Round "3.6"]
[White "Juhasz, Mihaly Jr"]
[Black "Magi, Tibor"]
[Result "1/2-1/2"]
[WhiteElo "1696"]
[BlackElo "1905"]
[PlyCount "112"]
[Az esemény dátuma "2011.12.27"]

1. d4 d5 2. Nf3 Nf6 3. Bf4 Nh5 4. Bd2 Nc6 5. e3 g6 6. Be2 Nf6 7. O-O Ne4 8. c4
Be6 9. b3 Bg7 10. Nc3 Nxd2 11. Qxd2 dxc4 12. bxc4 Bg4 13. Rab1 Qc8 14. Rb3 O-O
15. d5 Rd8 16. Qc1 Na5 17. Rb5 b6 18. e4 c6 19. Rb1 Qc7 20. Qe3 Bxc3 21. Qxc3
cxd5 22. exd5 Rxd5 23. h3 Bf5 24. Rbd1 Rc5 25. Nd2 Be6 26. Nb3 Nxb3 27. axb3 b5
28. Qf3 Rc8 29. cxb5 Bxb3 30. Qxb3 Qe5 31. Rfe1 Rb8 32. Qa4 Qc7 33. Ra1 Rb7 34.
Bf3 Rbxb5 35. Qxa7 Qxa7 36. Rxa7 e6 37. Rb7 Rxb7 38. Bxb7 Kg7 39. g3 h5 40. Kg2
Kf6 41. Re2 e5 42. f4 exf4 43. gxf4 Kf5 44. Rd2 Rc3 45. Rf2 f6 46. Rf3 Rc4 47.
Kg3 Rc1 48. Ra3 h4+ 49. Kxh4 Kxf4 50. Ra4+ Ke5 51. Rg4 g5+ 52. Kg3 Rc3+ 53. Bf3
Kf5 54. Ra4 Ke6 55. h4 gxh4+ 56. Rxh4 Ke5 1/2-1/2

[Event "Debreceni evzaro A"]
[Site "?"]
[Date "2011.12.27"]
[Round "3.7"]
[White "Erdei, Lajos Jr"]
[Black "Baranyai, Antal"]
[Result "1/2-1/2"]
[WhiteElo "1890"]
[BlackElo "1661"]
[PlyCount "139"]
[Az esemény dátuma "2011.12.27"]

1. e4 e5 2. Nf3 Nc6 3. Bc4 d6 4. d4 exd4 5. Nxd4 Bd7 6. O-O Be7 7. Nc3 a6 8.
Be3 Nf6 9. h3 O-O 10. f4 Nxd4 11. Bxd4 c5 12. Bxf6 Bxf6 13. Rf3 Bc6 14. Bd5
Bxc3 15. Rxc3 Qc7 16. Qh5 Rae8 17. Rd1 Bxd5 18. Qxd5 Re6 19. f5 Rf6 20. g4 g5
21. Qd2 h6 22. h4 d5 23. hxg5 Rb6 24. Qxd5 Qf4 25. Kg2 hxg5 26. Rg3 Rxb2 27.
Rd2 Rb4 28. c4 Re8 29. e5 Qxc4 30. e6 Qxd5+ 31. Rxd5 fxe6 32. Rxc5 Rb2+ 33. Kh3
Kf7 34. Rg2 Rxg2 35. Kxg2 exf5 36. Rxf5+ Kg6 37. Kf3 Re1 38. Rd5 Kf6 39. Rd6+
Re6 40. Rd5 Rb6 41. Rf5+ Kg6 42. Rd5 Re6 43. a4 b6 44. Rd4 Kf6 45. Rd5 Rc6 46.
Rf5+ Kg6 47. Rd5 Rc3+ 48. Kf2 Rb3 49. Rd6+ Kf7 50. Rd5 Kf6 51. Rf5+ Kg6 52. Rd5
Rb4 53. Kf3 Rf4+ 54. Kg3 Rf6 55. Re5 a5 56. Rb5 Kh6 57. Re5 Rc6 58. Rb5 Kg6 59.
Rd5 Rc3+ 60. Kf2 Rb3 61. Rd6+ Kf7 62. Rd5 Kg6 63. Rd6+ Kf7 64. Rd5 Ra3 65. Rxg5
Rxa4 66. Rb5 Rb4 67. Rxb4 axb4 68. Ke3 Kg6 69. Kd3 b5 70. Kc2 1/2-1/2

[Event "Debreceni evzaro A"]
[Site "?"]
[Date "2011.12.27"]
[Round "3.8"]
[White "Kiss, Gergely"]
[Black "Suhajda, Sandor"]
[Result "1/2-1/2"]
[WhiteElo "1873"]
[BlackElo "1888"]
[PlyCount "70"]
[Az esemény dátuma "2011.12.27"]

1. e4 c5 2. Nf3 Nc6 3. d4 cxd4 4. c3 dxc3 5. Nxc3 a6 6. Bc4 e6 7. O-O Be7 8.
Qe2 b5 9. Bb3 Bb7 10. Rd1 Qc7 11. Nd5 exd5 12. exd5 O-O-O 13. dxc6 dxc6 14.
Rxd8+ Bxd8 15. Bg5 Nf6 16. Rd1 Re8 17. Qc2 Kb8 18. g3 Ka8 19. Bf4 Qc8 20. Ne5
c5 21. Bxf7 Rf8 22. a4 Bb6 23. axb5 Qh3 24. Nc6 Rxf7 25. Qc4 Ng4 26. Rd2 Qxh2+
27. Kf1 Rf8 28. Qe6 Qh1+ 29. Ke2 Nf6 30. Qd6 Re8+ 31. Be5 Qe4+ 32. Kd1 Qb1+ 33.
Ke2 Qe4+ 34. Kd1 Qb1+ 35. Ke2 Qe4+ 1/2-1/2

[Event "Debreceni evzaro A"]
[Site "?"]
[Date "2011.12.27"]
[Round "3.9"]
[White "Cimpean, Andra"]
[Black "Hercz, Richard"]
[Result "0-1"]
[WhiteElo "1791"]
[BlackElo "1791"]
[PlyCount "100"]
[Az esemény dátuma "2011.12.27"]

1. e4 g6 2. d4 d6 3. c3 Bg7 4. f4 Nf6 5. Bd3 c6 6. Nf3 Bg4 7. h3 Bxf3 8. Qxf3
Nbd7 9. e5 Nd5 10. Bc4 N5b6 11. Bb3 d5 12. O-O e6 13. Nd2 O-O 14. Qg3 c5 15.
Nf3 cxd4 16. cxd4 Rc8 17. Nh2 Nb8 18. f5 exf5 19. Be3 Nc6 20. Rac1 Qd7 21. Qh4
Qd8 22. Bg5 f6 23. exf6 Bxf6 24. Bxf6 Qxf6 25. Qxf6 Rxf6 26. Nf3 Rff8 27. Rcd1
Rfe8 28. Rfe1 Na5 29. Rxe8+ Rxe8 30. Bc2 Re2 31. Rd2 Rxd2 32. Nxd2 Nac4 33.
Nxc4 Nxc4 34. Bb3 Kf7 35. Bxc4 dxc4 36. Kf2 Ke6 37. Ke3 g5 38. b3 b5 39. Kd2
cxb3 40. axb3 a5 41. Kc3 Kd5 42. Kd3 a4 43. b4 a3 44. Kc3 h5 45. Kb3 Kxd4 46.
Kxa3 g4 47. hxg4 hxg4 48. Kb2 Kc4 49. Kc2 Kxb4 50. Kd3 Ka3 0-1